LEADER 01104nam0-22003371i-450- 001 990005562300403321 005 20101117145808.0 035 $a000556230 035 $aFED01000556230 035 $a(Aleph)000556230FED01 035 $a000556230 100 $a19990604d1908----km-y0itay50------ba 101 0 $aita 102 $aIT 105 $ay-------001yy 200 1 $aStoria finanziaria del comune di Napoli nel secolo XIX$fMarino Rodinó di Miglione 210 $aNapoli$cLuigi Pierro$d1908 215 $a344 p.$d26 cm 225 1 $aR. Università di Napoli$itesi di Laurea pubblicata dalla Facoltà di Giurisprudenza (Fondazione de Pilla)$v12 676 $a336.014$v21$zita 700 1$aRodino' Di Miglione,$bMarino$0183167 801 0$aIT$bUNINA$gRICA$2UNIMARC 901 $aBK 912 $a990005562300403321 952 $aDissertaz. 8 (12)$bs.i.$fFGBC 952 $aLeg. Fiore XIV 8$b6054$fFGBC 952 $a336.01 ROD 1 (BIS)$bST.MED.MOD. 6978$fFLFBC 959 $aFLFBC 959 $aFGBC 996 $aStoria finanziaria del comune di Napoli nel secolo XIX$9606375 997 $aUNINA LEADER 01528nam--2200385---450- 001 990003034540203316 005 20080428105601.0 035 $a000303454 035 $aUSA01000303454 035 $a(ALEPH)000303454USA01 035 $a000303454 100 $a20071217d1978----km-y0itay50------ba 101 $aita 102 $aIT 105 $a||||||||001yy 200 1 $aAtti del seminario su La magistratura italiana nel sistema politico e nell'ordinamento costituzionale$ecenni storici e problemi$ePisa, 28 aprile 1977 210 $aMilano$cA. Giuffre$d1978 215 $aVIII, 136 p.$d25 cm 225 2 $aPubblicazioni della Facoltà di giurisprudenza della Università di Pisa$v68 300 $a[Variante del titolo] La magistratura italiana nel sistema politico e nell'ordinamento costituzionale : (cenni storici e problemi) 410 0$12001$aPubblicazioni della Facoltà di giurisprudenza della Università di Pisa 454 1$12001 461 1$1001-------$12001 606 0 $aMagistratura$xCongressi$yItalia$z1977 676 $a347.1 801 0$aIT$bsalbc$gISBD 912 $a990003034540203316 951 $a347.1 ATT$b1755 DITESI (sez. 2 n.405)$B3062 DITESI (sez. 2 n. 850) 959 $aBK 969 $aDITESI 979 $aDITESI$b10$c20071217$lUSA01$h0945 979 $aDITESI$b10$c20080428$lUSA01$h1055 979 $aDITESI$b10$c20080428$lUSA01$h1056 996 $aAtti del seminario su La magistratura italiana nel sistema politico e nell'ordinamento costituzionale$91026054 997 $aUNISA